Tilastot visalle Euroopan talviurheilukeskukset

Klikkaa tästä pelataksesi tätä visaa!

Yleistilastot

  • Tätä visaa on pelattu 21 kertaa
  • Keskiarvotulos 13 / 14

Vastaustilastot

% Oikein
Val di FiemmeItalia
100%
HolmenkollenNorja
100%
OberstdorfSaksa
100%
SeefeldItävalta
95%
FalunRuotsi
95%
PlanicaSlovenia
95%
Nové MěstoTšekki
95%
OtepääViro
95%
Cortina d'AmpezzoItalia
89%
InnsbruckItävalta
84%
ChamonixRanska
84%
Sankt MoritzSveitsi
84%
Garmisch-PartenkirchenSaksa
79%
LiberecTšekki
79%

Tulosjakauma

Persentiili vastausten määrän mukaan

Jokaisen tuloksen saaneiden osuus

Tuloshistoriasi

Et ole pelannut tätä visaa